000 00865nam a2200241Ia 4500
003 GCL
008 140319s9999 xx 000 0 ara d
020 _a0529209960
040 _aGCL /
_cGCL
082 0 4 _a915.3
_bر ع
100 1 _aرونكيير ، باركلى
245 1 0 _aعبر الجزيرة العربية على ظهر جمل /
_cرونكيير ، باركلى
700 1 _aمنصور محمد الخريجى
250 _aالاولى
260 _aالرياض :
_bمكتبة العبيكان ،
_c1999
300 _a215ص ؛
_c24سم
650 0 4 _aالكويت
650 0 4 _aالعالم العربى - تاريخ
650 0 4 _aشبه الجزيرة العربية - تاريخ
650 0 4 _aشبه الجزيرة العربية - وصف ورحلات
650 0 4 _aشبه الجزيرة العربية - خرائط
942 _2ddc
_cBK
999 _c34670
_d34670